000 00626nam a2200181 4500
008 180105b xxu||||| |||| 00| 0 eng d
020 _a0131953303
082 _21988
_aDC 306
_bEm1
100 _925509
_aEmber, Carol R., author.
245 _aCultural anthropology /
_cCarol R. Ember, Melvin Ember.
250 _aFifth edition.
260 _aEnglewood Cliffs, N.J. :
_b Prentice-Hall,
_c©1988.
300 _ax, 370 pages :
_b illustrations (some colored) ;
_c23 cm
500 _aIncludes bibliographical references and index.
650 0 _925510
_aEthnology.
700 _925511
_aEmber, Melvin, author.
942 _2ddc
_cDC
999 _c8245
_d8245